| 000 | 03589cam a22012494i 4500 | ||
|---|---|---|---|
| 003 | PE-LiUPU | ||
| 005 | 20250813185417.0 | ||
| 008 | 150616s1962 ag a rb 000 0 spa d | ||
| 035 | _a(Sirsi) a2425 | ||
| 040 |
_aPE-LiUPU _bspa _cPE-LiUPU _dPE-LiUPU _erda |
||
| 049 | _aPRUA | ||
| 082 | 0 | 4 |
_a370.9 _bO74 _221 |
| 082 | 0 | 4 |
_a371.009 _bO74 _221 |
| 100 | 1 |
_aOrtiz A. de Montoya, Celia, _eautor. |
|
| 245 | 1 | 0 |
_aHistoria de la educación y de la pedagogía / _cCelia ortiz A. de Montoya. |
| 264 | 1 |
_aEntre Ríos, Argentina : _bFacultad de Ciencias de la Educación, _c1962. |
|
| 300 |
_a458 páginas : _bilustraciones ; _c23 centìmetros |
||
| 336 |
_atext _2rdacontent |
||
| 337 |
_aunmediated _2rdamedia |
||
| 338 |
_avolume _2rdacarrier |
||
| 504 | _aIncluye bibliografía. | ||
| 505 | 0 | _aCivilización y educación salvajes -- Civilización y educación bárbara -- Tipos realizados en la educación oriental -- Educación griega -- Educación romana -- Educación cristiana y medioeval -- Tipos realizados -- Renacimiento carolingio. | |
| 526 | _aP202 | ||
| 526 | _aP201 | ||
| 526 | _aP163 | ||
| 526 | _aP162 | ||
| 526 | _aP161 | ||
| 526 | _aP160 | ||
| 526 | _aP148 | ||
| 526 | _aP147 | ||
| 526 | _aP146 | ||
| 526 | _aP145 | ||
| 526 | _aP144 | ||
| 526 | _aP143 | ||
| 526 | _aP142 | ||
| 526 | _aP141 | ||
| 526 | _aP140 | ||
| 526 | _aP139 | ||
| 526 | _aP138 | ||
| 526 | _aP137 | ||
| 526 | _aP136 | ||
| 526 | _aP135 | ||
| 526 | _aP134 | ||
| 526 | _aP133 | ||
| 526 | _aP129 | ||
| 526 | _aP128 | ||
| 526 | _aP127 | ||
| 526 | _aP120 | ||
| 526 | _aP119 | ||
| 526 | _aP118 | ||
| 526 | _aP116 | ||
| 526 | _aP115 | ||
| 526 | _aP114 | ||
| 526 | _aP110 | ||
| 526 | _aP109 | ||
| 526 | _aP108 | ||
| 526 | _aP104 | ||
| 526 | _aP103 | ||
| 526 | _aP102 | ||
| 526 | _aP99 | ||
| 526 | _aP98 | ||
| 526 | _aP97 | ||
| 526 | _aP96 | ||
| 526 | _aP95 | ||
| 526 | _aP93 | ||
| 526 | _aP90 | ||
| 526 | _aP89 | ||
| 526 | _aP88 | ||
| 526 | _aP83 | ||
| 526 | _aP82 | ||
| 526 | _aP62 | ||
| 526 | _aP59 | ||
| 526 | _aP58 | ||
| 526 | _aP57 | ||
| 526 | _aP51 | ||
| 526 | _aP49 | ||
| 526 | _aP48 | ||
| 526 | _aP47 | ||
| 526 | _aP29 | ||
| 526 | _aP24 | ||
| 526 | _aP20 | ||
| 526 | _aP19 | ||
| 526 | _aP17 | ||
| 526 | _aP15 | ||
| 526 | _aP14 | ||
| 526 | _aP12 | ||
| 526 | _aP10 | ||
| 526 | _aP09 | ||
| 526 | _aP08 | ||
| 526 | _aP07 | ||
| 526 | _aP06 | ||
| 526 | _aP05 | ||
| 526 | _aP04 | ||
| 526 | _aP01 | ||
| 541 | _g001-00003175; | ||
| 650 | 0 | 4 |
_aEducación _xHistoria. |
| 910 |
_ajck _bjvq _cjck |
||
| 910 |
_btqv _caic _d20161227 |
||
| 942 |
_2ddc _cBOOK |
||
| 949 |
_a370.9 O74 _wDEWEY _c1 _i05693 _lCCODEBUL1 _mBUL _p29.00 _r0 _sY _tBOOK _u2015-04-23 _xEDUCACION _PP20 _0COMPRA _o.STAFF. Colección Ciencias Humanas y Educación |
||
| 949 |
_a371.009 O74 _wDEWEY _c1 _iFJ04941 _lCCODEBUJ1 _mBUJ _p29.00 _r0 _sY _tBOOK _u2016-12-27 _xBIBLIOTECA _zUNKNOWN _0COMPRA _o.STAFF. Colección General Juliaca |
||
| 994 |
_aC0 _bPEPRU |
||
| 596 | _a1 3 | ||
| 999 |
_a370.9 O74 _wDEWEY _c27706 _i05693 _d27706 _e2015-11-8 _f2021-11-5 _g5 _lCCODEBUL1 _mBUL _n1 _p29.00 _r0 _sY _tBOOK _u2015-4-23 _xBIBLIOTECA _PP20 _0COMPRA _o.STAFF. Colección Ciencias Humanas y Educación |
||
| 999 |
_a371.009 O74 _wDEWEY _c1 _iFJ04941 _d2018-9-12 _e2018-4-3 _f2022-1-18 _g3 _lCCODEBUJ1 _mBUJ _n1 _q2 _r0 _sY _tBOOK _u2016-12-27 _xBIBLIOTECA _zUNKNOWN _0COMPRA _o.STAFF. Colección General Juliaca |
||
| 980 |
_81 _gALBERTO SANCHEZ Responsable de Automatización |
||